América: historia de su colonización e independencia
محفوظ في:
| المؤلف الرئيسي: | |
|---|---|
| التنسيق: | كتاب |
| اللغة: | الإسبانية |
| منشور في: |
Barcelona
Montaner y Simón
1894
|
| الموضوعات: | |
| الوسوم: |
إضافة وسم
لا توجد وسوم, كن أول من يضع وسما على هذه التسجيلة!
|
MARC
| LEADER | 00000nam a2200000 a 4500 | ||
|---|---|---|---|
| 001 | UCO2756 | ||
| 003 | CL-VaPUC | ||
| 008 | 000608e18940000SP |||||||||||||||||spa|d | ||
| 082 | 0 | 4 | |a 980.013 |b COR |2 21 |
| 100 | 0 | |a Coroleu, José |e author |9 446350 | |
| 245 | 1 | 0 | |a América: historia de su colonización e independencia |
| 300 | |a 4 v | ||
| 942 | |c BK | ||
| 945 | |d 20000608 00:00:00 |a rherrera | ||
| 260 | |a Barcelona |b Montaner y Simón |c 1894 | ||
| 650 | 0 | |a Historia de América |9 266076 | |
| 650 | 0 | |a Colonización |9 265172 | |
| 650 | 0 | |a Independencia Americana |9 395691 | |
| 650 | 7 | |a SOGLOS 16-19 |2 CL-VaPUC |9 446351 | |
| 651 | 0 | |a América |9 255182 | |
| 583 | |a last modification |c 20000608 00:00:00 |k Rodrigo Vera | ||
| 999 | |c 289252 |d 289250 | ||
| 952 | |0 0 |1 0 |4 0 |6 980_013000000000000_COR_1894 |7 0 |8 X |9 337498 |a BIBHIS |b BIBHIS |d 2019-11-20 |h v.1 |i 128682K |o 980.013 COR 1894 |p 128682K |r 2024-01-30 |w 2019-11-20 |y BK_X |k HIS | ||
| 952 | |0 0 |1 0 |4 0 |6 980_013000000000000_COR_1894 |7 0 |8 X |9 337499 |a BIBHIS |b BIBHIS |d 2019-11-20 |h v.1 |i 1286838 |o 980.013 COR 1894 |p 1286838 |r 2024-01-30 |w 2019-11-20 |y BK_X |k HIS | ||
| 952 | |0 0 |1 0 |4 0 |6 980_013000000000000_COR_1894 |7 0 |8 X |9 337500 |a BIBHIS |b BIBHIS |d 2019-11-20 |h v.2 |i 1286846 |o 980.013 COR 1894 |p 1286846 |r 2024-01-30 |w 2019-11-20 |y BK_X |k HIS | ||
| 952 | |0 0 |1 0 |4 0 |6 980_013000000000000_COR_1894 |7 0 |8 X |9 337501 |a BIBHIS |b BIBHIS |d 2019-11-20 |h v.3 |i 1286854 |o 980.013 COR 1894 |p 1286854 |r 2024-01-30 |w 2019-11-20 |y BK_X |k HIS | ||
| 952 | |0 0 |1 0 |4 0 |6 980_013000000000000_COR_1894 |7 0 |8 X |9 337502 |a BIBHIS |b BIBHIS |d 2019-11-20 |h v.4 |i 1286862 |o 980.013 COR 1894 |p 1286862 |r 2024-01-30 |w 2019-11-20 |y BK_X |k HIS | ||